О сокращении длительности переходного процесса в релятивистском черенковском СВЧ-генераторе без ведущего магнитного поля; Журнал технической физики; Т. 86, вып. 6

Библиографические подробности
Источник:Журнал технической физики/ Российская академия наук (РАН), Физико-технический институт им. А. Ф. Иоффе (ФТИ).— , 1931-
Т. 86, вып. 6.— 2016.— [С. 153-155]
Главный автор: Тотьменинов Е. М. Евгений Маркович
Автор-организация: Национальный исследовательский Томский политехнический университет Институт физики высоких технологий Кафедра сильноточной электроники
Другие авторы: Климов А. И. Алексей Иванович
Примечания:Заглавие с экрана
Аналитически и с использованием программы на основе метода матриц рассеяния выполнена оценка сопротивления связи Z0 сплошного цилиндрического релятивистского электронного пучка с основной гармоникой волны TM01, замедленной до скорости света в замедляющей системе (ЗС) на основе полого гофрированного волновода. Показано, что в релятивистских черенковских СВЧ-генераторах без ведущего магнитного поля, реализованных ранее в экспериментах на данном типе взаимодействия, Z0 составляет ≈ 6−7 , в несколько раз превышает усреднeнные по поперечному сечению ЗС значения сопротивлений связи для −1 и +1 пространственных гармоник рабочей волны и в перспективе может быть увеличено до значений свыше 10  за счeт уменьшения среднего диаметра ЗС в допустимых пределах. В численном моделировании с использованием кода KARAT продемонстрирована возможность сокращения в 1.5 раза длительности установления колебаний черенковского СВЧ-генератора без ведущего магнитного поля.
Язык:русский
Опубликовано: 2016
Серии:Краткие сообщения
Предметы:
Online-ссылка:http://journals.ioffe.ru/articles/43391
Формат: Электронный ресурс Статья
Запись в KOHA:https://koha.lib.tpu.ru/cgi-bin/koha/opac-detail.pl?biblionumber=650092

MARC

LEADER 00000naa0a2200000 4500
001 650092
005 20250310145806.0
035 |a (RuTPU)RU\TPU\network\15274 
090 |a 650092 
100 |a 20160908d2016 k||y0rusy50 ca 
101 0 |a rus 
102 |a RU 
135 |a drcn ---uucaa 
181 0 |a i  
182 0 |a b 
200 1 |a О сокращении длительности переходного процесса в релятивистском черенковском СВЧ-генераторе без ведущего магнитного поля  |f Е. М. Тотьменинов, А. И. Климов 
203 |a Текст  |c электронный 
225 1 |a Краткие сообщения 
300 |a Заглавие с экрана 
320 |a [Библиогр.: с. 155 (9 назв.)] 
330 |a Аналитически и с использованием программы на основе метода матриц рассеяния выполнена оценка сопротивления связи Z0 сплошного цилиндрического релятивистского электронного пучка с основной гармоникой волны TM01, замедленной до скорости света в замедляющей системе (ЗС) на основе полого гофрированного волновода. Показано, что в релятивистских черенковских СВЧ-генераторах без ведущего магнитного поля, реализованных ранее в экспериментах на данном типе взаимодействия, Z0 составляет ≈ 6−7 , в несколько раз превышает усреднeнные по поперечному сечению ЗС значения сопротивлений связи для −1 и +1 пространственных гармоник рабочей волны и в перспективе может быть увеличено до значений свыше 10  за счeт уменьшения среднего диаметра ЗС в допустимых пределах. В численном моделировании с использованием кода KARAT продемонстрирована возможность сокращения в 1.5 раза длительности установления колебаний черенковского СВЧ-генератора без ведущего магнитного поля. 
461 |t Журнал технической физики  |f Российская академия наук (РАН), Физико-технический институт им. А. Ф. Иоффе (ФТИ)  |d 1931- 
463 |t Т. 86, вып. 6  |v [С. 153-155]  |d 2016 
610 1 |a электронный ресурс 
610 1 |a труды учёных ТПУ 
610 1 |a переходные процессы 
610 1 |a СВЧ-генераторы 
700 1 |a Тотьменинов  |b Е. М.  |g Евгений Маркович 
701 1 |a Климов  |b А. И.  |c специалист в области электроники  |c доцент Томского политехнического университета, кандидат физико-математических наук  |f 1955-  |g Алексей Иванович  |3 (RuTPU)RU\TPU\pers\31691  |9 15822 
712 0 2 |a Национальный исследовательский Томский политехнический университет  |b Институт физики высоких технологий  |b Кафедра сильноточной электроники  |3 (RuTPU)RU\TPU\col\18691  |9 27144 
801 2 |a RU  |b 63413507  |c 20170328  |g RCR 
856 4 |u http://journals.ioffe.ru/articles/43391 
942 |c CF